| 000 | 03337cam a2200493 i 4500 | ||
|---|---|---|---|
| 001 | 1952 | ||
| 003 | OCoLC | ||
| 005 | 20260413162019.0 | ||
| 007 | tb | ||
| 008 | 260224t20262026nyu ed 000 f eng d | ||
| 040 |
_aLJW _beng _erda _cLJW _dLJW _dOCLCO _dJAS _dOCLCO _dBDX _dG8V _dOCLCQ _dVPW |
||
| 020 |
_a9798217169870 _q(paperback ; large print) : _c$32.00 |
||
| 035 | _a(OCoLC)1574446707 | ||
| 082 | 0 | 4 |
_a813.6 _223/eng/2026 |
| 092 |
_aLP Fic _bCrump |
||
| 049 | _aVPW1 | ||
| 100 | 1 |
_aCrump, Benjamin, _d1969- _eauthor. _1https://id.oclc.org/worldcat/entity/E39PBJrwVFt9cMhPFvgQtWWhpP |
|
| 245 | 1 | 0 |
_aWorse than a lie : _ba Beau Lee Cooper novel / _cBen Crump. |
| 250 | _aFirst large print edition. | ||
| 264 | 1 |
_aNew York, NY : _bRandom House Large Print, _c[2026] |
|
| 264 | 4 | _c©2026 | |
| 300 |
_a486 pages (large print) ; _c24 cm. |
||
| 336 |
_atext _btxt _2rdacontent |
||
| 337 |
_aunmediated _bn _2rdamedia |
||
| 338 |
_avolume _bnc _2rdacarrier |
||
| 340 |
_alarge print _2rdamat |
||
| 490 | 1 |
_aA Beau Lee Cooper novel ; _v1 |
|
| 520 |
_a"It's the night of November 4, 2008. America's first Black president has just been elected. And fifty-three-year-old Hollis Montrose--a Black ex-police officer from the suburbs of Chicago--has become the latest victim of a brutal attack. As the result of a traffic stop gone wrong, Hollis is shot ten times in cold blood, by four white men who could have been his colleagues back in his police days. Beau Lee Cooper was born serious, as if on an urgent mission with little time to waste. Raised in the tumultuous world of 1970s Texas, he always dreamed of becoming a lawyer and fighting for what's right, ever since he was a little boy reading To Kill a Mockingbird. And now, ten years into running his own law firm with his best friend and partner in crime, Nelson "Nellie" Rivers, and his suave right-hand-man, Brent "Cape" Capers, he feels he's finally making a difference. When Beau Lee learns about Hollis's situation, he's determined to help. Miraculously, Hollis survives the encounter, but the Chicago police department has already spun the narrative in its favor, and Hollis is given a wrongful prison sentence with an unreasonable bail. What really happened that night the car was pulled over? Was it random or was Hollis targeted? Beau Lee knows he's treading in dangerous waters, and finding evidence of the truth will be his biggest challenge yet, but with troubling powers at play, one innocent man's life hangs in the balance." -- _cAmazon. |
||
| 650 | 0 |
_aLawyers _vFiction. |
|
| 650 | 0 |
_aAfrican American men _xCrimes against _vFiction. |
|
| 650 | 0 |
_aPolice corruption _vFiction. |
|
| 651 | 0 |
_aChicago (Ill.) _vFiction. |
|
| 650 | 6 |
_aHommes noirs américains _0(CaQQLa)201-0303722 _xCrimes contre _0(CaQQLa)000283857 _vRomans, nouvelles, etc. _0(CaQQLa)201-0377299 |
|
| 650 | 6 |
_aCorruption policière _0(CaQQLa)201-0070540 _vRomans, nouvelles, etc. _0(CaQQLa)201-0377299 |
|
| 650 | 0 | _aLarge type books. | |
| 655 | 7 |
_aLarge print books. _2lcgft |
|
| 655 | 7 |
_alarge print books. _2aat _0(CStmoGRI)aatgf300206232 |
|
| 655 | 7 |
_aFiction. _2lcgft |
|
| 655 | 7 |
_aDetective and mystery fiction. _2lcgft |
|
| 655 | 7 |
_aThrillers (Fiction) _2lcgft |
|
| 655 | 7 |
_aLegal fiction (Literature) _2lcgft |
|
| 800 | 1 |
_aCrump, Benjamin, _d1969- _tBeau Lee Cooper novel ; _v1. |
|
| 910 | _an26/4 cr | ||
| 999 |
_c1952 _d1952 |
||